| 000 | 00000nam 2200000zi 4500 |
| 001 | 9.875075 |
| 003 | CaOODSP |
| 005 | 20221107164347 |
| 006 | m o d f |
| 007 | cr ||||||||||| |
| 008 | 190618t20192019onco o f000 0 fre d |
| 020 | |a9780660314822 |
| 040 | |aCaOODSP|bfre|erda|cCaOODSP |
| 043 | |an-cn--- |
| 086 | 1 |aT94-13/2019F-PDF |
| 245 | 00|aPossibilités rurales, prospérité nationale : |bune stratégie de développement économique du Canada rural. |
| 264 | 1|aOttawa (Ontario) : |bInfrastructure Canada, |c2019. |
| 264 | 4|c©2019 |
| 300 | |a1 ressource en ligne (ii, 35 pages) : |bphotographies en couleur |
| 336 | |atexte|btxt|2rdacontent/fre |
| 337 | |ainformatique|bc|2rdamedia/fre |
| 338 | |aressource en ligne|bcr|2rdacarrier/fre |
| 500 | |aTitre de la couverture. |
| 500 | |aPublié aussi en anglais sous le titre : Rural opportunity, national prosperity: an economic development strategy for rural Canada. |
| 500 | |a« Juin 2019. » |
| 500 | |aÉgalement publié en format HTML. |
| 650 | 6|aDéveloppement rural|zCanada. |
| 650 | 6|aDéveloppement économique|zCanada. |
| 710 | 1 |aCanada. |bInfrastructure Canada, |eorganisme de publication. |
| 775 | 08|tRural opportunity, national prosperity : |w(CaOODSP)9.875073 |
| 776 | 0#|tPossibilités rurales, prospérité nationale : |w(CaOODSP)9.875079 |
| 856 | 40|qPDF|s6.67 Mo|uhttps://publications.gc.ca/collections/collection_2020/infc/T94-13-2019-fra.pdf |
| 856 | 4 |qHTML|sS.O.|uhttps://www.infrastructure.gc.ca/rural/strat-fra.html |